Multiple Choice City Quiz - Utsjoki - Statistics

General Stats
  • This quiz has been taken 10 times
  • The average score is 8 of 10
Answer Stats
Question Answer % Correct
Which region is Utsjoki located in? Lapland
100%
Following Finnish, what is the most spoken language in Utsjoki? Sámi
100%
Which animal is instrumental in Utsjoki's economy? Reindeer
89%
Which river forms the municipality's border with Norway? Teno
89%
What is the northernmost village in Finland? Nuorgam
78%
Which of the following is an image taken from Utsjoki?
67%
What is the approximate latitude of Utsjoki? 70 °N
67%
Which of the following things about Utsjoki is true? More alcohol is sold per capita there than in any other Finnish municipality
67%
Which major urban area (pop. >100.000) lies closest to Utsjoki? Murmansk
56%
Which word best describes the municipality's weather? Cloudy
44%
No matching quizzes found
Score Distribution
Percent of People with Each Score
Percentile by Number Answered
Your Score History
You have not taken this quiz